Lyrics to Christmas Songs - Statistics

General Stats
  • This quiz has been taken 2,499 times
    2,456 since last reset
  • The average score is 9 of 15
Answer Stats
Song Lyric Answer % Correct
All I want for Christmas is You I hear those ____ ___ ringing Sleigh Bells
87%
The Twelve Days of Christmas Four Calling birds, Three ____ ___ French hens
77%
Rockin' Around the Christmas Tree Deck the halls with ____ __ ____ Boughs of Holly
75%
Feliz Navidad I want to wish you a Merry Christmas from the _____ ___ __ ____ Bottom of my heart
74%
Silent Night All is calm, ___ is ____. All, bright
73%
Santa Claus is Coming to Town You better not cry, you better __ ____ Not pout
73%
Frosty the Snowman And ___ ___ made out of coal Two eyes
63%
Jingle Bell Rock Giddy-up jingle horse, pick up ___ ___ Your feet
61%
Rudolph the Red-Nosed Reindeer You know Dasher and Dancer, And _____ and ____ Prancer, Vixen
60%
White Christmas Where the _______ _____, and children listen Treetops glisten
51%
Let It Snow And I've bought some ___ for ______, Corn, Popping
42%
Jingle Bells Bells on ___ ___ rings Bob tails
41%
Hark the Herald Angels Sing Peace on earth and ____ ___ Mercy Mild
41%
Silver Bells City sidewalks, busy sidewalks, Dressed in ______ ____ Holiday style
33%
The First Noel That hath made heaven and ____ __ _____ Earth of Nought
5%
No matching quizzes found
Score Distribution
Percent of People with Each Score
Percentile by Number Answered
Your Score History
You have not taken this quiz since the last reset